000 00872cab a2200265 4500
001 ABS38781
008 090401t1988 xxu||||| |||| 00| 0 eng d
035 _a(Sirsi) u12368
041 _aeng
100 _aWells, D.
245 _aLiving with Uncle Sam
260 _c1988
350 _a0
490 _aContract Journal
_v341(5652) 11 February 1988, 12-13(2)
520 _aReports on the use of American techniques in the British construction industry referring specifically to major projects like London Bridge City . Considers the experience of two US-UK joint venture operations.
650 _aCONSTRUCTION MANAGEMENT
_96230
650 _aMANAGEMENT-PROJECT MANAGEMENT
650 _aSCHAL INTERNATIONAL
650 _aTARMAC
650 _aTISHMAN
650 _aWIMPEY
690 _aBUILDING AND CONSTRUCTION-PROJECTS
942 _n0
948 _c04/03/1997
999 _c7907
_d7907